000 00490nam a2200097Ia 4500
008 170517s9999 xx 000 0 und d
245 4 _aThe Lazarus Effect
300 _aThe 30 minute film illustrates the transformative effect of life-saving antiretroviral medicine through the stories of HIV+ people in Zambia. By taking the ARV medicine – 2 life-saving pills that cost around 40 cents a day – in as...
650 _xTechnology.
856 _uhttp://topdocumentaryfilms.com/lazarus-effect/
999 _c335112
_d335112